| 000 | 00381nam a22001217a 4500 | ||
|---|---|---|---|
| 082 |
_a348.5491044 _bALL |
||
| 245 |
_aThe all-Pakistan legal decisions [PLD] 2023 / _cEdited by Muhammad Mir Muhammad |
||
| 260 |
_aLahore : _bPakistan Law House, _c2023. |
||
| 300 |
_a5 v. _c24 cm. |
||
| 563 | _aHardcover. | ||
| 650 |
_aLaw, The all-Pakistan legal decisions _9126992 |
||
| 942 |
_2ddc _cREF |
||
| 999 |
_c612351 _d612351 |
||